000 00345nam a2200133Ia 4500
008 210210b1985 xxu||||| |||| 00| 0 eng d
082 _a428.1 WESW
100 _aWESEEN (Maurice H).
245 _aWords confused and misused.
260 _aAllahabad
_bA H Wheeler & Co Pvt Ltd
_c1985
300 _a310
690 _aEnglish Usage
906 _a037608
999 _c88020
_d88020